Aquaculture management

This book might be considered a farm management text for those in aquaculture. It is intended to provide an introduction to aquaculture principles and an introduction to management, including business and people management, microeconomics, and the concepts of efficiency and productivity.

Bewaard in:
Bibliografische gegevens
Hoofdauteur: Meade, James W.
Formaat: Boek
Taal:Undetermined
Gepubliceerd in: New York VanNostrand Reinhold 1989
Onderwerpen:
Tags: Voeg label toe
Geen labels, Wees de eerste die dit record labelt!
Thư viện lưu trữ: Trung tâm Học liệu Trường Đại học Cần Thơ
LEADER 00801nam a2200193Ia 4500
001 CTU_219239
008 210402s9999 xx 000 0 und d
082 |a 639.0916 
082 |b M481 
100 |a Meade, James W. 
245 0 |a Aquaculture management 
245 0 |c James W. Meade 
260 |a New York 
260 |b VanNostrand Reinhold 
260 |c 1989 
520 |a This book might be considered a farm management text for those in aquaculture. It is intended to provide an introduction to aquaculture principles and an introduction to management, including business and people management, microeconomics, and the concepts of efficiency and productivity. 
650 |a Nuôi trồng thủy sản,Aquaculture 
904 |i Trusc 
980 |a Trung tâm Học liệu Trường Đại học Cần Thơ